| 000 | 00472nam a22001697a 4500 | ||
|---|---|---|---|
| 008 | 230327b |||||||| |||| 00| 0 eng d | ||
| 020 | _a | ||
| 040 |
_aNational Science Library _cNational Science Library |
||
| 080 |
_a519.2(05) _b |
||
| 245 |
_aAdvances in probability and related topics _b _c |
||
| 260 |
_aNew York: _bMarcel Dekker, Inc., _c1970 |
||
| 300 | _aix, 248p. | ||
| 650 | _a Science | ||
| 653 | _a | ||
| 700 | _aNey, Peter (Ed.) | ||
| 942 |
_2udc _cBK |
||
| 999 |
_c58173 _d58173 |
||